|
|
|
|
| LEADER |
00960nam a2200241 a 4500 |
| 001 |
4421448 |
| 008 |
090726s1992 enk 000 1 eng d |
| 010 |
|
|
|a 93143293
|
| 020 |
|
|
|a 0141184523
|
| 040 |
|
|
|a Uk
|c Uk
|d DLC
|
| 082 |
0 |
0 |
|a 823/.912
|2 20
|
| 100 |
1 |
|
|a Woolf, Virginia,
|d 1882-1941.
|
| 245 |
1 |
0 |
|a Between the acts /
|c Virginia Woolf, with an introduction and notes by Gillian Beer, text edited by Stella Mcnichol.
|
| 260 |
|
|
|a London :
|b Penguin Books,
|c 1992.
|
| 300 |
|
|
|a xl, 149 p. ;
|c 20 cm.
|
| 490 |
0 |
|
|a The definitive collected edition of the novels of Virginia Woolf
|
| 541 |
1 |
|
|e 00011871
|
| 650 |
|
0 |
|a Pageants
|x Fiction.
|
| 655 |
|
7 |
|a Psychological fiction.
|2 lcsh
|
| 700 |
1 |
|
|a Mcnichol, Stella.
|
| 852 |
4 |
|
|a Ayesha Abed Library
|j General shelf
|
| 999 |
|
|
|c 2870
|d 2870
|
| 952 |
|
|
|0 0
|1 0
|2 ddc
|4 0
|6 823_912000000000000_WOO
|7 0
|9 2618
|a BRACUL
|b BRACUL
|c GEN
|d 2009-07-27
|g 1425.00
|l 2
|m 1
|o 823.912 WOO
|p 3010011871
|r 2022-05-29
|s 2020-03-15
|t 1
|w 2009-07-27
|y BK
|x $16.99
|